Ľudský kapitál a ekonomický rast – teoretické a praktické implikácie

Ľudský kapitál a ekonomický rast. Podpora ľudského kapitálu a zvyšovanie adaptability ekonomiky na nové technológie či meniace sa podmienky. Migrácia ľudského kapitálu a únik mozgov. Podpora a formovanie ľudského kapitálu.

Gespeichert in:
Bibliographische Detailangaben
1. Verfasser: Martincová, Marta, 1955-
Format: Buchkapitel
Sprache:Slowakisch
Schlagworte:
Tags: Tag hinzufügen
Keine Tags, Fügen Sie das erste Tag hinzu!

MARC

LEADER 00000nla a2200000 4500
001 0240574
005 20240712105730.9
041 0 |a slo 
044 |a SK 
245 1 0 |a Ľudský kapitál a ekonomický rast – teoretické a praktické implikácie  |c Marta Martincová 
520 |a Ľudský kapitál a ekonomický rast. Podpora ľudského kapitálu a zvyšovanie adaptability ekonomiky na nové technológie či meniace sa podmienky. Migrácia ľudského kapitálu a únik mozgov. Podpora a formovanie ľudského kapitálu. 
610 2 0 |a kapitál ľudský 
610 2 0 |a únik mozgov 
610 2 0 |a rast hospodársky 
610 2 0 |a pohyb síl pracovných medzinárodný 
610 2 0 |a migrácia 
610 2 0 |a vzdelávanie 
610 2 0 |a školstvo 
610 2 0 |a rodina 
100 1 |a Martincová, Marta, 1955-